[Event "AUTO-INT-3614"]
[Site "http://www.queenalice.com/game.php?id=1760773"]
[Date "2021.5.29"]
[Round "2"]
[White "pitbull22"]
[Black "Sigmund"]
[Result "0-1"]
[WhiteElo "1679"]
[BlackElo "1820"]

1. e4 e5 2. Nf3 d6 3. Bc4 h6 4. d3 Nf6 5. Nc3 Nc6 6. Bb5 Bd7 7. O-O a6 8. Ba4
Qc8 9. h3 Be7 10. Re1 O-O 11. a3 b5 12. Bb3 Bxh3 13. gxh3 Qxh3 14. Nh2 Nd4 15.
Ba2 Rad8 16. Re3 Qh5 17. Qxh5 Nxh5 18. Rh3 Nf4 19. Bxf4 exf4 20. Rc1 Bg5 21. Nf3
c5 22. Nxg5 hxg5 23. Kg2 g4 24. Rh4 f3+ 25. Kf1 g6 26. Rxg4 Kg7 27. Ke1 Rh8 28.
Kd2 a5 29. Rf4 Rd7 30. Ke3 Rh2 31. Nb1 Re7 32. Nd2 f5 33. Nxf3 Nxf3 34. Rxf3 Kf6
35. c4 b4 36. axb4 axb4 37. Kf4 g5+ 38. Ke3 f4+ 39. Kd2 Ke5 40. Rg1 Rg7 41. Rg4
Kd4 42. Ke2 Ke5 43. Kf1 Kf6 44. Kg1 Rh8 45. Rg2 Ra8 46. Bb3 Ra1+ 47. Kh2 Rh7+
48. Rh3 Rh1+ 49. Kxh1 Rxh3+ 50. Kg1 Rxd3 51. Bc2 Rd2 52. f3 Rd4 53. b3 Ke6 54.
Rxg5 Kf6 55. Rf5+ Ke6 56. Rxf4 Rd2 57. Bb1 Rd1+ 58. Kf2 Rxb1 59. Rf5 Rxb3 60.
Rd5 Rc3 61. f4 Rxc4 62. Ke3 b3 63. f5+ Kf7 64. Rxd6 b2 65. Rb6 Rb4 66. Rc6 b1=Q
67. Rxc5 Qxe4+ 68. Kd2 Qd4+ 0-1

[Event "AUTO-INT-3614"]
[Site "http://www.queenalice.com/game.php?id=1760776"]
[Date "2021.5.29"]
[Round "2"]
[White "Becket"]
[Black "pitbull22"]
[Result "1-0"]
[WhiteElo "1800"]
[BlackElo "1695"]

1. d4 d5 2. e3 a6 3. Nf3 Bg4 4. c4 e6 5. cxd5 Bxf3 6. Qxf3 exd5 7. Nc3 Nf6 8.
Bd3 Bb4 9. O-O O-O 10. a3 Be7 11. Bd2 Nc6 12. Rfe1 Re8 13. b4 Bd6 14. g3 b5 15.
Nxd5 Nxd5 16. Qxd5 Ne7 17. Qe4 Ng6 18. Qg2 Qf6 19. Bc3 Qe7 20. Bxg6 hxg6 21. e4
c6 22. e5 Bb8 23. Qxc6 Bc7 24. Qg2 Bb6 25. d5 Rad8 26. d6 Qe6 27. Qc6 Ba7 28.
Qxa6 Rd7 29. Qxb5 Qf5 30. Qe2 Bb8 31. Qd2 Ba7 32. Bd4 Bb8 33. a4 Qe6 34. a5 Qd5
35. Bc3 Qc6 36. Qb2 Rc8 37. Rac1 Qa6 38. b5 Qa8 39. a6 Ba7 40. e6 Rxd6 41. exf7+
Kxf7 42. Qb3+ Kf8 43. Bb4 Rxc1 44. Bxd6# 1-0

[Event "AUTO-INT-3614"]
[Site "http://www.queenalice.com/game.php?id=1760777"]
[Date "2021.5.29"]
[Round "2"]
[White "pitbull22"]
[Black "Becket"]
[Result "1-0"]
[WhiteElo "1661"]
[BlackElo "1796"]

1. e4 e5 2. Nf3 d6 3. Bc4 Be7 4. d3 Nf6 5. Ng5 O-O 6. Nc3 a6 7. O-O b5 8. Bb3 c6
9. a3 Nbd7 10. Nf3 a5 11. Ba2 Bb7 12. h3 b4 13. axb4 axb4 14. Ne2 d5 15. Bg5
dxe4 16. dxe4 Nxe4 17. Bxe7 Qxe7 18. Qd3 Nef6 19. Rfd1 c5 20. Ng3 Rfe8 21. Nf5
Qe6 22. Bxe6 1-0

[Event "AUTO-INT-3614"]
[Site "http://www.queenalice.com/game.php?id=1760778"]
[Date "2021.5.29"]
[Round "2"]
[White "TheOperator"]
[Black "pitbull22"]
[Result "0-1"]
[WhiteElo "1526"]
[BlackElo "1724"]

1. e4 e5 2. Nf3 d6 3. Bc4 h6 4. O-O Bg4 5. Nc3 Qf6 6. Be2 c6 7. h3 Bh5 8. b4 b5
9. Bb2 Ne7 10. d4 Bxf3 11. Bxf3 Ng6 12. Ne2 Nd7 13. d5 c5 14. a3 c4 15. c3 Be7
16. a4 bxa4 17. Rxa4 O-O 18. Ng3 Nf4 19. Nf5 Nb6 20. Ra1 Bd8 21. Ba3 Qg6 22.
Nxd6 Qxd6 23. b5 Qg6 24. Kh2 Re8 25. g3 Nh5 26. Bxh5 Qxe4 27. d6 Qf5 28. Bf3 Rc8
29. Re1 Bf6 30. Be4 Qxf2+ 31. Bg2 Qf5 32. Re4 Rcd8 33. Rg4 Qe6 34. Bc6 Nd7 35.
Bc1 h5 36. Re4 Rf8 37. Qxh5 Rb8 38. Rxa7 Nc5 39. Rg4 g6 40. Qh6 Bg7 41. Qg5 Qf6
42. Qe3 Qxd6 43. Rg5 Ne6 44. Rg4 Nd8 45. Rd7 Qe6 46. Qe2 Nxc6 47. bxc6 Qxc6 48.
Re7 Qc5 49. Rd7 Qc6 50. Rd1 Rfe8 51. Bd2 Rb2 52. Rf1 Qd5 53. Rd1 Bh6 54. Rxc4
Rd8 55. Kg1 Rxd2 0-1

[Event "AUTO-INT-3614"]
[Site "http://www.queenalice.com/game.php?id=1760779"]
[Date "2021.5.29"]
[Round "2"]
[White "pitbull22"]
[Black "TheOperator"]
[Result "1-0"]
[WhiteElo "1686"]
[BlackElo "1505"]

1. e4 e5 2. Nf3 Nc6 3. Bb5 a6 4. Ba4 h6 5. Bxc6 bxc6 6. d3 d6 7. Nc3 Nf6 8. O-O
Be7 9. h3 c5 10. a3 O-O 11. Re1 Bd7 12. b4 1-0

[Event "Challenge"]
[Site "http://www.queenalice.com/game.php?id=1761341"]
[Date "2021.6.4"]
[Round "-"]
[White "eduardocosta"]
[Black "pitbull22"]
[Result "0-1"]
[WhiteElo "1608"]
[BlackElo "1683"]

1. e3 e5 2. Be2 d5 3. b3 c5 4. Bb2 d4 5. exd4 cxd4 6. Nf3 Bd6 7. O-O Bf5 8. d3
Ne7 9. Nh4 Nd5 10. Nxf5 O-O 11. Bf3 Bc7 12. Bxd5 Nc6 13. Bxc6 bxc6 14. Ba3 Re8
15. Qg4 Qf6 16. Ng3 a5 17. Qd7 Rac8 18. Ne4 Qe6 19. Qxe6 Rxe6 20. Nbd2 f5 21.
Nc5 Rh6 22. h3 Bd6 23. Rae1 Bc7 24. Nc4 Re8 25. Nd7 e4 26. dxe4 fxe4 27. Nc5 Rh4
28. Re2 Bd8 0-1

[Event "Challenge"]
[Site "http://www.queenalice.com/game.php?id=1766817"]
[Date "2021.8.13"]
[Round "-"]
[White "pitbull22"]
[Black "crisvolei"]
[Result "1-0"]
[WhiteElo "1682"]
[BlackElo "1571"]

1. e4 e5 2. Nf3 Nc6 3. Bb5 Bc5 4. d3 Qf6 5. Bg5 Qd6 6. O-O Nd4 7. Nxd4 Bxd4 8.
c3 Bc5 9. Qe2 c6 10. Bc4 f6 11. Be3 b5 12. Bxc5 Qxc5 13. Bxg8 Rxg8 14. b4 Qb6
15. Nd2 a5 16. bxa5 Rxa5 17. Nb3 Ra3 18. d4 d5 19. exd5 b4 20. dxe5 Ba6 21. c4
f5 22. d6 g6 23. Rfe1 c5 24. Qe3 Bxc4 25. Red1 Be6 26. Qg5 Rg7 27. Qf6 Raa7 28.
Qxe6+ Kf8 29. Qc8+ Kf7 30. d7 Rxd7 31. Rxd7+ Ke6 32. Rd6+ Kxe5 33. Rxb6 Kd5 34.
Qxc5+ Ke4 35. Qd4# 1-0

[Event "Challenge"]
[Site "http://www.queenalice.com/game.php?id=1766818"]
[Date "2021.8.13"]
[Round "-"]
[White "crisvolei"]
[Black "pitbull22"]
[Result "0-1"]
[WhiteElo "1601"]
[BlackElo "1669"]

1. e4 e5 2. Nf3 d6 3. Bc4 h6 4. h4 Nf6 5. d3 Bg4 6. Be3 Be7 7. Nbd2 O-O 8. d4
exd4 9. Bxd4 c5 10. Bc3 Nc6 11. e5 dxe5 12. O-O a6 13. Re1 Re8 14. Nxe5 Nxe5 15.
f3 Bd7 16. Bxe5 Bc6 17. g4 Nd7 18. Bc3 b5 19. Bd3 Bxh4 20. Rxe8+ Qxe8 21. Ba5
Qe3+ 22. Kh1 Ne5 23. Nf1 Bxf3+ 24. Kh2 Qf2+ 25. Kh3 Qg2+ 26. Kxh4 Qxg4# 0-1

[Event "AUTO-INT-3595"]
[Site "http://www.queenalice.com/game.php?id=1768879"]
[Date "2021.9.4"]
[Round "3"]
[White "kd4hls"]
[Black "pitbull22"]
[Result "0-1"]
[WhiteElo "1620"]
[BlackElo "1694"]

1. d4 d5 2. Bf4 Nc6 3. e3 Bf5 4. Be2 f6 5. Nf3 Nb4 6. O-O Nxc2 7. Bd3 Bxd3 8.
Qxd3 Nxa1 9. Nc3 Nb3 10. axb3 e6 11. Nb5 Bd6 12. Nxd6+ cxd6 13. h3 Ne7 14. Rc1
Rc8 15. Rxc8 Nxc8 16. Qb5+ Qd7 17. Qd3 O-O 18. b4 Re8 19. b5 e5 20. dxe5 dxe5
21. Ng5 exf4 22. e4 fxg5 23. f3 d4 24. b3 b6 25. Qc4+ Kh8 26. Qd3 Qd6 27. Qc4
Qc5 28. Qf7 d3+ 29. Kh2 Qe7 30. Qd5 Rd8 0-1

[Event "AUTO-INT-3595"]
[Site "http://www.queenalice.com/game.php?id=1768880"]
[Date "2021.9.4"]
[Round "3"]
[White "pitbull22"]
[Black "kd4hls"]
[Result "1/2-1/2"]
[WhiteElo "1744"]
[BlackElo "1640"]

1. e4 e5 2. Nf3 Nc6 3. Bb5 a6 4. Bxc6 bxc6 5. d3 d6 6. Nc3 Nf6 7. O-O Be7 8. Qe2
Bg4 9. h3 Bh5 10. g4 Nxg4 11. hxg4 Bxg4 12. Qe3 Bh3 13. Rd1 O-O 14. Nxe5 dxe5
15. Qxh3 Bc5 16. Qg3 Qf6 17. Na4 Bb6 18. Be3 Bxe3 19. Qxe3 Rfe8 20. c4 Re6 21.
Nc5 Qg6+ 22. Kf1 Re7 23. Ke2 a5 24. a4 Qd6 25. Nb7 Qd7 26. Nc5 Qd4 27. Qxd4 exd4
28. Nb3 Rd7 29. f4 h6 30. Nc5 Rdd8 31. Rdb1 Rd6 32. e5 Rg6 33. Nb3 Rg2+ 34. Kf3
Rh2 35. Nxd4 Rh3+ 36. Ke2 Ra6 37. c5 Rh4 38. Rf1 Rh2+ 39. Rf2 Rh3 40. Nf3 Ra8
41. Nd4 Ra6 42. Rf3 Rh2+ 43. Rf2 Rh4 44. Ke3 Rh3+ 45. Ke2 Rh4 46. Nf5 Rh5 47.
Ng3 Rh3 48. Rg1 Ra8 49. Nf5 g6 50. Ne7+ Kg7 51. Nxc6 h5 52. Rc1 h4 53. Rg2 f6
54. e6 Re8 55. Nd4 Kh6 56. Rc3 Kh5 57. Rb3 Rg3 58. Rh2 g5 59. f5 h3 60. Kf2 Kg4
61. Ne2 Rf3+ 62. Ke1 Rxf5 63. Nd4 Rf4 64. Ne2 Rxa4 65. Nc3 Rxe6+ 66. Kd2 Ra1 67.
d4 Kg3 68. Re2 Rxe2+ 69. Nxe2+ Kg2 70. Rg3+ Kh2 71. d5 Ra4 72. d6 cxd6 73. cxd6
Rb4 74. d7 Rb8 75. Kc1 Rd8 76. Rd3 f5 77. Nd4 Kg2 78. Nc6 Rxd7 79. Rxd7 h2 80.
Rd2+ Kg1 1/2-1/2

[Event "AUTO-INT-3595"]
[Site "http://www.queenalice.com/game.php?id=1768883"]
[Date "2021.9.4"]
[Round "3"]
[White "Lucasbarbaruiva"]
[Black "pitbull22"]
[Result "1-0"]
[WhiteElo "1639"]
[BlackElo "1671"]

1. d4 d5 2. e3 Nf6 3. g3 Bf5 4. Bd3 Bxd3 5. Qxd3 e6 6. Nf3 Nc6 7. b3 Bd6 8. Nbd2
h6 9. c4 dxc4 10. Nxc4 Bb4+ 11. Bd2 O-O 12. Bxb4 Nxb4 13. Qc3 Nbd5 14. Qd3 a6
15. O-O b5 16. Nce5 Nd7 17. Nxd7 Qxd7 18. Ne5 Qe8 19. a4 b4 20. e4 Nf6 21. f4 a5
22. Rac1 Qc8 23. d5 exd5 24. exd5 Rd8 25. Nc6 Rd7 26. Rfe1 Rxd5 27. Qc4 Rd7 28.
Ne7+ Rxe7 29. Rxe7 Qf8 30. Qxc7 Nd5 31. Qb7 Nxe7 32. Rc7 Re8 33. Qa7 Nd5 34. Rd7
Rd8 35. Rb7 Ra8 36. Qd4 1-0

[Event "AUTO-INT-3595"]
[Site "http://www.queenalice.com/game.php?id=1768884"]
[Date "2021.9.4"]
[Round "3"]
[White "pitbull22"]
[Black "Lucasbarbaruiva"]
[Result "0-1"]
[WhiteElo "1690"]
[BlackElo "1620"]

1. e4 e5 2. Nf3 d6 3. Bc4 Bg4 4. h3 Bxf3 5. Qxf3 Qf6 6. Qb3 b6 7. Nc3 Ne7 8. d3
c6 9. a4 Nd7 10. Qa3 c5 11. Bb5 a6 12. Bxd7+ Kxd7 13. Be3 Nc6 14. Nd5 Qd8 15.
Qb3 Rb8 16. Nc3 Nd4 17. Bxd4 exd4 18. Nd5 Be7 19. O-O-O Bg5+ 20. Kb1 b5 21. axb5
Rxb5 22. Qa4 Qa5 23. Qxa5 Rxa5 24. Nb6+ Kc6 25. Nd5 h6 26. f3 Rb8 27. g3 Rab5
28. f4 Bf6 29. Nxf6 gxf6 30. b3 a5 31. Kb2 a4 32. Ra1 axb3 33. Ra6+ Kd7 34. cxb3
Rxb3+ 35. Ka2 Rxd3 0-1

[Event "AUTO-INT-3595"]
[Site "http://www.queenalice.com/game.php?id=1768887"]
[Date "2021.9.4"]
[Round "3"]
[White "pitbull22"]
[Black "NickThorp"]
[Result "1/2-1/2"]
[WhiteElo "1740"]
[BlackElo "1588"]

1. e4 e5 2. Nf3 Nc6 3. Bb5 a6 4. Bxc6 dxc6 5. d3 Bb4+ 6. c3 Ba5 7. Nxe5 Qe7 8.
Nc4 Bb6 9. Nxb6 cxb6 10. Be3 Nf6 11. Nd2 Bg4 12. f3 Be6 13. Bg5 h6 14. Bh4 O-O-O
15. f4 g5 16. Bg3 gxf4 17. Bxf4 Bg4 18. Qc2 h5 19. h3 Be6 20. Bg5 Rhg8 21. h4
Bg4 22. d4 Rxg5 23. hxg5 Nh7 24. e5 Nxg5 25. Rf1 Rf8 26. Rf2 Kb8 27. Qb3 b5 28.
Kf1 h4 29. Rf4 f5 30. Kf2 a5 31. Qc2 h3 32. g3 Qe6 33. Qb3 Qg6 34. Qa3 Re8 35.
Qxa5 h2 36. Kg2 Rh8 37. Rh1 Ne4 38. Nxe4 fxe4 39. Rxh2 Bf3+ 40. Rxf3 exf3+ 41.
Kg1 Qxg3+ 42. Kf1 Rxh2 43. Qd8+ Ka7 44. Qa5+ Kb8 45. Qd8+ Ka7 46. Qa5+ Kb8
1/2-1/2

[Event "AUTO-INT-3595"]
[Site "http://www.queenalice.com/game.php?id=1768888"]
[Date "2021.9.4"]
[Round "3"]
[White "NickThorp"]
[Black "pitbull22"]
[Result "0-1"]
[WhiteElo "1625"]
[BlackElo "1732"]

1. e4 e5 2. Nf3 d6 3. Bb5+ c6 4. Ba4 Nf6 5. d3 Nbd7 6. Bg5 h6 7. Bh4 Nc5 8. Nc3
Be7 9. h3 b5 10. Bb3 Nxb3 11. axb3 O-O 12. O-O Be6 13. Ra6 Qc7 14. d4 exd4 15.
Nxd4 Bd7 16. Qf3 Qd8 17. Nxc6 Bxc6 18. Rxc6 Qe8 19. Ra6 Qc8 20. Ra5 a6 21. Rfa1
Qb7 22. Nd5 Nxd5 23. Bxe7 Nxe7 24. Qd3 Qb6 25. c4 bxc4 26. Qxc4 Nc6 27. Rxa6
Rxa6 28. Rxa6 Qb8 29. Rxc6 Rd8 30. Qd5 Rd7 31. Qf5 Rc7 32. Rxd6 Rc1+ 33. Kh2
Qxd6+ 34. g3 Qd1 35. Kg2 Qxb3 36. Qf4 Qxb2 37. h4 Re1 38. e5 Qxe5 39. Qd2 Qe4+
40. Kh3 Rh1# 0-1

[Event "Challenge"]
[Site "http://www.queenalice.com/game.php?id=1771397"]
[Date "2021.10.4"]
[Round "-"]
[White "Nigel68"]
[Black "pitbull22"]
[Result "1-0"]
[WhiteElo "1831"]
[BlackElo "1654"]

1. e4 e5 2. Nf3 d6 3. Nc3 Bg4 4. Be2 Nf6 5. d3 Nc6 6. Be3 Be7 7. Qd2 O-O 8. h3
Bh5 9. g4 Bg6 10. a3 a6 11. g5 Nd7 12. h4 Bh5 13. O-O-O b5 14. Nd5 Qc8 15. d4 g6
16. Rhg1 Re8 17. Qc3 Qb7 18. Rg3 Nb6 19. Nxb6 cxb6 20. Re1 exd4 21. Nxd4 Bxe2
22. Rxe2 Rac8 23. f3 Nxd4 24. Qxd4 Rc6 25. f4 Rec8 26. f5 Qc7 27. c3 Rc4 28. Qd3
Qc6 29. f6 Bf8 30. Bf4 Re8 31. Rge3 a5 32. Kc2 b4 33. Kc1 bxa3 34. bxa3 Ra4 35.
Ra2 Rexe4 36. Rxe4 Qxe4 37. Qxe4 Rxe4 38. Rf2 d5 39. Kb2 Bc5 40. Rf1 Be3 41. Bg3
Bc5 42. Re1 Rxe1 43. Bxe1 b5 44. Kb3 a4+ 45. Kb2 Kf8 46. Bd2 Bf2 47. Kc2 Bxh4
48. Kd3 Bf2 49. Be3 Bg3 50. Kd4 Bd6 51. Bc1 Ke8 52. Kxd5 Kd7 53. Bb2 Bf4 54. c4
bxc4 55. Kxc4 Ke6 56. Kb5 Bxg5 57. Kxa4 Bxf6 58. Bxf6 Kxf6 59. Kb5 1-0

[Event "Challenge"]
[Site "http://www.queenalice.com/game.php?id=1775119"]
[Date "2021.11.18"]
[Round "-"]
[White "crisvolei"]
[Black "pitbull22"]
[Result "1-0"]
[WhiteElo "1571"]
[BlackElo "1734"]

1. e4 e5 2. d4 f6 3. dxe5 fxe5 4. Qf3 Qf6 5. Qg4 Ne7 6. Bg5 Qg6 7. Bd3 h6 8. Nf3
hxg5 9. Nxg5 Rh5 10. h4 d6 11. Qg3 Nbc6 12. f4 Qh6 13. Bc4 Nd4 14. Na3 exf4 15.
Qxf4 Ng6 16. Qf7+ Kd8 17. Ne6+ Nxe6 18. Bxe6 Bxe6 19. Qf3 Kd7 20. g3 Rc5 21. O-O
b5 22. b4 Rc6 23. Rad1 a5 24. Nxb5 axb4 25. a3 Bc4 26. Rd5 Bxd5 27. exd5 Rxc2
28. Qf5+ Kd8 29. Qxc2 Qe3+ 30. Kh2 Qb6 31. Nxc7 Qxc7 32. Qxg6 Qe7 33. axb4 Qe2+
34. Kg1 Qe3+ 35. Kh1 Qe7 36. h5 Rb8 37. Rb1 Rb5 38. Qd3 Qb7 39. Qd2 1-0

[Event "Challenge"]
[Site "http://www.queenalice.com/game.php?id=1775120"]
[Date "2021.11.18"]
[Round "-"]
[White "pitbull22"]
[Black "crisvolei"]
[Result "0-1"]
[WhiteElo "1711"]
[BlackElo "1574"]

1. e4 e5 2. Nf3 g5 3. d4 f6 4. dxe5 g4 5. Nfd2 fxe5 6. Qxg4 d5 7. Qf3 d4 8. Bc4
Nf6 9. h3 Qe7 10. Nb3 Qb4+ 11. N1d2 Bg7 12. Qg3 Qe7 13. O-O Nc6 14. Re1 Nb4 15.
Re2 Nxc2 16. Rb1 Bd7 17. Nf1 Nh5 18. Qf3 Nf4 19. Bxf4 Rf8 20. Qh5+ Kd8 21. Rxc2
exf4 22. Qxh7 f3 23. g3 Rh8 24. Qg6 Bxh3 25. Qf7 Bg2 26. Qxe7+ Kxe7 27. Nh2 Rh6
28. Bf1 Rxh2 29. Bxg2 Rxg2+ 30. Kf1 Rh8 31. Ke1 Rh1+ 32. Kd2 Rxb1 33. Rxc7+ Kd8
34. Rxg7 Rxf2+ 35. Kd3 Rd1+ 36. Kc4 Rc2+ 37. Kd5 f2 38. Rf7 d3 39. e5 f1=Q 40.
Rxf1 Rxf1 41. Nd4 Rxb2 0-1